| 000 | 00853cam a22002291 4500 | ||
|---|---|---|---|
| 001 | sa 64005682 | ||
| 003 | DLC | ||
| 005 | 20260227112034.0 | ||
| 008 | 750715s1953 xx 000 0 eng | ||
| 010 | _asa 64005682 | ||
| 035 | _a(OCoLC)1449753 | ||
| 040 |
_aDLC _cNRU _dDLC |
||
| 042 | _apremarc | ||
| 050 | 0 | 0 |
_aZ6605.M4 _bM3 |
| 110 | 2 | _aGovernment Oriental Manuscripts Library (Tamil Nadu, India) | |
| 245 | 1 | 2 |
_aA descriptive catalogue of the Marathi manuscripts in the Government Oriental Manuscripts Library, Madras, _cby T. Chandrasekharan. Prepared under the orders of the Government of Madras. |
| 260 |
_aMadras, _bPrinted by the Superintendent, Govt. Press, _c1953- |
||
| 300 |
_a v. _c25 cm. |
||
| 505 | 0 | _av. 1. D. Nos. 1 to 308.--v. 2. D. Nos. 309-444. | |
| 650 | 0 |
_aManuscripts, Marathi _vCatalogs. |
|
| 700 | 1 | _aChandrasekharan, T. | |
| 999 |
_c59265 _d59265 |
||